<?xml version="1.0" encoding="UTF-8"?>
<marc:record xmlns:marc="http://www.loc.gov/MARC21/slim">
   <marc:leader>00000nam a2200000 a 4500</marc:leader>
   <marc:datafield ind1="1" ind2=" " tag="100">
      <marc:subfield code="a">Kopeinig, Margaretha</marc:subfield>
      <marc:subfield code="4">aut</marc:subfield>
      <marc:subfield code="e">Verfasser/-in</marc:subfield>
   </marc:datafield>
   <marc:datafield ind1="1" ind2=" " tag="100">
      <marc:subfield code="a">Petritsch, Wolfgang</marc:subfield>
      <marc:subfield code="4">aut</marc:subfield>
      <marc:subfield code="e">Verfasser/-in</marc:subfield>
   </marc:datafield>
   <marc:datafield ind1=" " ind2=" " tag="653">
      <marc:subfield code="a">Kreisky</marc:subfield>
   </marc:datafield>
   <marc:datafield ind1=" " ind2=" " tag="653">
      <marc:subfield code="a">Bruno</marc:subfield>
   </marc:datafield>
   <marc:datafield ind1=" " ind2=" " tag="653">
      <marc:subfield code="a">Politisches Denken</marc:subfield>
   </marc:datafield>
   <marc:datafield ind1=" " ind2=" " tag="653">
      <marc:subfield code="a">Politisches Handeln</marc:subfield>
   </marc:datafield>
   <marc:datafield ind1=" " ind2=" " tag="653">
      <marc:subfield code="a">Beschäftigungspolitik</marc:subfield>
   </marc:datafield>
   <marc:datafield ind1=" " ind2=" " tag="653">
      <marc:subfield code="a">Gesellschaft</marc:subfield>
   </marc:datafield>
   <marc:datafield ind1=" " ind2=" " tag="653">
      <marc:subfield code="a">Wirtschaft/Gesellschaft</marc:subfield>
   </marc:datafield>
   <marc:datafield ind1=" " ind2=" " tag="653">
      <marc:subfield code="a">Aufsatzsammlung</marc:subfield>
   </marc:datafield>
   <marc:datafield ind1="0" ind2="0" tag="245">
      <marc:subfield code="a">Das Kreisky-Prinzip</marc:subfield>
   </marc:datafield>
   <marc:datafield ind1="0" ind2="0" tag="245">
      <marc:subfield code="b">im Mittelpunkt der Mensch</marc:subfield>
   </marc:datafield>
   <marc:datafield ind1="0" ind2="0" tag="245">
      <marc:subfield code="c">Margaretha Kopeinig ; Wolfgang Petritsch</marc:subfield>
   </marc:datafield>
   <marc:datafield ind1=" " ind2="1" tag="264">
      <marc:subfield code="a">Wien</marc:subfield>
      <marc:subfield code="b">Czernin</marc:subfield>
      <marc:subfield code="c">2009</marc:subfield>
   </marc:datafield>
   <marc:datafield ind1="1" ind2=" " tag="520">
      <marc:subfield code="a">Angaben aus der Verlagsmeldung

Das Kreisky-Prinzip : Im Mittelpunkt der Mensch / von Margaretha Kopeinig, Wolfgang Petritsch

Internationale Finanzkrise, drohende Rezession, Klimakatastrophe, steigende Nahrungsmittelpreise, Hungersnöte und knapper werdende Energieressourcen: Angesichts dieser Szenarien
wird der Ruf nach dem Staat wieder lauter. Die Macht des Staates und seine Lenkungsmöglichkeiten hat Bruno Kreisky erkannt und eingesetzt.
„Geht uns die Arbeit aus?“ ist keine bloße rhetorische Frage
mehr, für rund 20 Millionen Menschen in der EU ist sie in den
vergangenen Jahrzehnten zur bitteren Wirklichkeit geworden.
Ausgehend von den Ergebnissen der Kommission für Beschäftigung, deren Vorsitzender Kreisky war, soll aufgezeigt werden, warum er sich während seines gesamten intellektuellen und politischen Lebens mit dem Thema Arbeit auseinandergesetzt
hat. „Der Mensch ist das Wichtigste“ war Programm und Motto
des Sozialdemokraten Bruno Kreisky. Wo finden wir heute –
angesichts von Globalisierung und shareholder value – diesen
politischen Anspruch formuliert?
Ergänzt durch Interviews mit: Hannes Androsch, Hans Seidel,
Ernst Eugen Veselsky, Ferdinand Lacina, Paavo Lipponen,
Margit Schmidt, Peter Schieder und Karl-Heinz Nachtnebel.
</marc:subfield>
   </marc:datafield>
   <marc:datafield ind1=" " ind2=" " tag="020">
      <marc:subfield code="a">9783707602777</marc:subfield>
      <marc:subfield code="9">9783707602777</marc:subfield>
   </marc:datafield>
   <marc:datafield ind1=" " ind2=" " tag="020">
      <marc:subfield code="a">370760277X</marc:subfield>
      <marc:subfield code="9">370760277X</marc:subfield>
   </marc:datafield>
   <marc:datafield ind1=" " ind2=" " tag="300">
      <marc:subfield code="a">239 S.</marc:subfield>
   </marc:datafield>
</marc:record>
